| 000 | 00917nam a22003017a 4500 | ||
|---|---|---|---|
| 003 | CHAP | ||
| 005 | 20220329135834.0 | ||
| 008 | 971013s1992 us a r 00010 eng d | ||
| 010 | _a43091 | ||
| 011 | _a44063 | ||
| 035 | _a48201 | ||
| 040 | _cCHAP | ||
| 082 | 0 | 0 |
_a584.93 _bR4 |
| 100 | 0 | 0 |
_aRecht, Christine. _994993 |
| 245 | 1 | _aBamboos | |
| 260 |
_aPortland, Oregon : _bTimber Press, _c1992 |
||
| 300 |
_a128 p. _b: ilus. |
||
| 590 |
_aBATCH-UPD _b10 _c20130110 _lUCH01 _h1128 |
||
| 590 |
_aBATCH-UPD _b10 _c20130410 _lUCH01 _h0717 |
||
| 590 |
_aBATCH-UPD _b10 _c20130914 _lUCH01 _h0529 |
||
| 590 |
_aCONVERSION _b10 _c20130109 _lUCH01 _h1324 |
||
| 650 | 1 | 4 |
_aBambĂș. _99788 |
| 700 | 0 |
_aWetterwald, Max F. _9121599 |
|
| 901 | _aBK | ||
| 942 | _cLIBRO | ||
| 949 |
_a584.93 R4 _bBC _cC _d33724000527230 _eC _gI.174498 _h89068 _i48201 _si _t126.22 |
||
| 949 |
_a584.93 R4 _bBC _cC _d33724000660932 _eC _fc.2 _h89996 _i48201 _si _t304.00 |
||
| 999 |
_c43091 _d43091 |
||